| 000 | 00865nas a2200289 4500 | ||
|---|---|---|---|
| 001 | BR2014008166 | ||
| 003 | BR-BrBNA | ||
| 005 | 20231205124852.0 | ||
| 007 | ta | ||
| 008 | 230509b bl.|||p| |||| 00| 00por d | ||
| 040 |
_aBR-BrBNA _bpor _cBiblioteca Nacional de Agricultura |
||
| 041 | _a(Pt) | ||
| 072 | _aF08; H20 | ||
| 100 | 1 | _aChavarria, G. | |
| 100 | 1 | _aSantos, H.P. dos | |
| 245 | 1 | _aCultivo protegido de videira: manejo fitossanitário, qualidade enológica e impacto ambiental | |
| 650 | _aUVA | ||
| 650 | _aCULTIVO PROTEGIDO | ||
| 650 | _aENOLOGIA | ||
| 650 | _aVINHO | ||
| 650 | _aQUALIDADE | ||
| 650 | _aFUNGO | ||
| 650 | _aIMPACTO AMBIENTAL | ||
| 773 | 0 |
_tRevista Brasileira de Fruticultura (Brazil) _xISSN 0100-2945 _g(Sep 2013), v. 35(3) p. 910-918 _wBR2014008166 |
|
| 909 |
_a202311 _bLúcia _c55 _dLúcia Elande |
||
| 942 |
_2AGRIS _n0 _cANA |
||
| 999 |
_c241331 _d241331 |
||